[Event "Championnat de la Loire - Top20"]
[Site "Loire"]
[Date "2008.10.11"]
[Round "1.1"]
[White "Massard, Christian"]
[Black "Cizeron, Frederic"]
[Result "0-1"]
[WhiteElo "1810"]
[BlackElo "2099"]
[PlyCount "162"]

1. Nf3 d5 2. e3 c6 3. c4 Nf6 4. b3 Bg4 5. Bb2 Nbd7 6. Be2 e6 7. O-O Bd6 8. d3
e5 9. Nbd2 O-O 10. cxd5 cxd5 11. h3 Bf5 12. Nh2 Qe7 13. Rc1 Rac8 14. Rc2 Rxc2
15. Qxc2 e4 16. dxe4 Nxe4 17. Nxe4 dxe4 18. Bg4 Bxg4 19. Nxg4 f5 20. Qc4+ Rf7
21. Qc8+ Nf8 22. Nh2 Bc7 23. Rc1 Qd6 24. Nf1 f4 25. Bd4 fxe3 26. Bxe3 Bb6 27.
Bxb6 Qxb6 28. Ne3 Qa5 29. Qc2 h6 30. a4 Qb6 31. Qc4 Ne6 32. Qxe4 Qxb3 33. Nd5
Qa3 34. Rc8+ Nf8 35. Qc4 Qa1+ 36. Kh2 Qe5+ 37. Kg1 Kh7 38. Ne3 Rf4 39. Qc2+ Ng6
40. g3 Rf7 41. Ng4 Qe1+ 42. Kg2 Qe6 43. Ne3 Re7 44. Rc4 a6 45. h4 Kg8 46. Rc8+
Re8 47. Rxe8+ Qxe8 48. Qc4+ Kf8 49. Qb4+ Qe7 50. Qc4 Qd7 51. Qb4+ Ne7 52. Qf4+
Ke8 53. Qb8+ Nc8 54. Qe5+ Qe7 55. Qh5+ Kd7 56. Qg4+ Kd8 57. Qd4+ Nd6 58. f3 Kc8
59. Kf2 Qd7 60. Nd5 Kb8 61. Qf4 Qe6 62. Qf8+ Ka7 63. Qa8+ Kxa8 64. Nc7+ Ka7 65.
Nxe6 Kb6 66. Nxg7 Ka5 67. g4 Kxa4 68. g5 hxg5 69. hxg5 b5 70. Ne6 b4 71. g6 Nf5
72. Nd4 Ng7 73. Ne2 Kb3 74. Ke3 a5 75. Kd3 a4 76. Nd4+ Ka2 77. Nc2 b3 78. Kc3
Nf5 79. Nb4+ Kb1 80. Nd3 a3 81. Kxb3 a2 0-1

[Event "Championnat de la Loire - Top20"]
[Site "Loire"]
[Date "2008.10.11"]
[Round "1.2"]
[White "Morice, Ludovic"]
[Black "Bruel, Bruno"]
[Result "1-0"]
[WhiteElo "2060"]
[BlackElo "1780"]
[PlyCount "73"]

1. d4 d5 2. Nc3 Nf6 3. Bg5 Bf5 4. f3 Nbd7 5. Qd2 e6 6. h4 h6 7. Bf4 a6 8. g4
Bg6 9. e3 c5 10. Bd3 Bxd3 11. Qxd3 c4 12. Qd2 b5 13. Qh2 b4 14. Na4 Qa5 15. b3
Rc8 16. Qe2 cxb3 17. cxb3 Nb6 18. Nb2 Qa3 19. Nh3 Be7 20. O-O Kd7 21. Nd3 Rhd8
22. g5 Nh5 23. Ne5+ Ke8 24. gxh6 Nxf4 25. Nxf4 g6 26. Qg2 Nd7 27. Nxf7 Nf6 28.
Nxd8 Kxd8 29. Nxe6+ Kd7 30. Qh3 Kd6 31. e4 dxe4 32. fxe4 Nxe4 33. Qh2+ Kd7 34.
Qe5 Nd6 35. Nc5+ Kd8 36. Rae1 Rc7 37. Ne6+ 1-0

[Event "Championnat de la Loire - Top20"]
[Site "Loire"]
[Date "2008.10.11"]
[Round "1.3"]
[White "Minchilli, Franco"]
[Black "Cursoux, Gerard"]
[Result "0-1"]
[WhiteElo "1770"]
[BlackElo "2050"]
[PlyCount "90"]

1. e4 c5 2. Nf3 d6 3. c3 Nf6 4. Bc4 e6 5. d3 Nc6 6. Bg5 Be7 7. Nbd2 a6 8. Bb3
O-O 9. O-O d5 10. e5 Nd7 11. Bxe7 Qxe7 12. d4 f6 13. Re1 fxe5 14. Nxe5 cxd4 15.
Nxc6 bxc6 16. cxd4 Bb7 17. Qg4 Rae8 18. Nf3 Nf6 19. Qh3 Bc8 20. Ne5 c5 21. Rad1
cxd4 22. Rxd4 Qc5 23. Qh4 Ne4 24. Nf3 Rf6 25. Re2 Ref8 26. Rc2 Qa7 27. Rd1 Qb8
28. Rdc1 a5 29. Ng5 Rh6 30. Rxc8 Rxc8 31. Rxc8+ Qxc8 32. Qg4 Qc1+ 33. Bd1 Qxg5
34. Qe2 Qd2 35. h3 Qxe2 36. Bxe2 Rf6 37. f3 Nd6 38. g4 Rf4 39. Kg2 Rb4 40. b3
a4 41. Kg3 axb3 42. axb3 Rxb3 43. Kf4 Kf7 44. h4 Ke7 45. g5 Nf5 0-1

[Event "Championnat de la Loire - Top20"]
[Site "Loire"]
[Date "2008.10.11"]
[Round "1.4"]
[White "Deville, Olivier"]
[Black "Walter, Alain"]
[Result "1/2-1/2"]
[WhiteElo "2012"]
[BlackElo "1760"]
[PlyCount "66"]

1. d4 d5 2. c4 e6 3. Nf3 Nf6 4. Nc3 Be7 5. Bf4 a6 6. e3 O-O 7. Bd3 c5 8. dxc5
Bxc5 9. Qc2 Nc6 10. a3 dxc4 11. Bxc4 Qe7 12. Bg5 h6 13. Bh4 g5 14. Bg3 b5 15.
Ba2 Bb7 16. Bb1 Na7 17. Be5 Rfc8 18. Qe2 Nc6 19. Bg3 Na5 20. Bd3 Nb3 21. Rd1
Bxa3 22. Nxb5 Bb4+ 23. Nc3 Bxc3+ 24. bxc3 Rxc3 25. O-O Rac8 26. Bxa6 Bxa6 27.
Qxa6 Rc1 28. Qd3 Rxd1 29. Rxd1 Qb7 30. Be5 Nd5 31. Nd4 Nc5 32. Qa3 Nd7 33. Bd6
N7f6 $11 1/2-1/2

[Event "Championnat de la Loire - Top20"]
[Site "Loire"]
[Date "2008.10.11"]
[Round "1.5"]
[White "Furnon, Yannick"]
[Black "Garon, Pierre"]
[Result "1/2-1/2"]
[WhiteElo "1740"]
[BlackElo "1927"]
[PlyCount "89"]

1. d4 d5 2. Nf3 Nf6 3. Bg5 e6 4. Nbd2 Be7 5. e3 b6 6. c3 Bb7 7. Bd3 Nbd7 8. O-O
c5 9. Rc1 h6 10. Bh4 c4 11. Bb1 b5 12. Re1 g5 13. Bg3 Ne4 14. Nxe4 dxe4 15. Nd2
f5 16. f3 exf3 17. Nxf3 O-O 18. Ne5 Nxe5 19. Bxe5 Bf6 20. Bxf6 Qxf6 21. Qd2 e5
22. Rf1 Qe6 23. Rf2 Rac8 24. Rcf1 f4 25. dxe5 Rcd8 26. Qc2 Rd3 27. exf4 gxf4
28. Qc1 Rdd8 29. Rxf4 Rxf4 30. Qxf4 Re8 31. Re1 Rf8 32. Qg3+ Kh8 33. Qg6 Qxg6
34. Bxg6 Kg7 35. Bh5 Bc6 36. g4 Be8 37. Bxe8 Rxe8 38. Kf2 Kf7 39. Kf3 Ke6 40.
Ke4 Rg8 41. h3 h5 42. Rg1 Rg5 43. Kf4 Rxe5 44. g5 Rf5+ 45. Ke3 $11 1/2-1/2

[Event "Championnat de la Loire - Top20"]
[Site "Loire"]
[Date "2008.10.11"]
[Round "1.6"]
[White "Poncet, Alain"]
[Black "Carrot, Axel"]
[Result "1-0"]
[WhiteElo "1909"]
[BlackElo "1680"]
[PlyCount "85"]

1. e4 e5 2. Nf3 Nc6 3. Bb5 Nge7 4. O-O d6 5. h3 Bd7 6. c3 g6 7. Qe2 Bg7 8. Rd1
a6 9. Ba4 O-O 10. Bb3 Na5 11. Bc2 f5 12. d4 fxe4 13. Bxe4 d5 14. Bc2 e4 15. Ne5
Bb5 16. Qg4 Qc8 17. Qxc8 Raxc8 18. Na3 Nec6 19. Nxb5 Nxe5 20. dxe5 axb5 21.
Rxd5 c6 22. Rd7 Bxe5 23. Bxe4 Rcd8 24. Rxd8 Rxd8 25. Bg5 Rd7 26. f4 Bc7 27. f5
gxf5 28. Bxf5 Rd6 29. g4 Nc4 30. b3 Ne5 31. Kg2 Bd8 32. Bf4 Bf6 33. Re1 Nd3 34.
Bxd6 Nxe1+ 35. Kf2 Bxc3 36. Be4 Kg7 37. Ke2 h6 38. Bg3 Kf6 39. Bxe1 Bxe1 40.
Kxe1 Ke5 41. Bg2 Kf4 42. Kd2 Kg5 43. Kc3 {abandon} 1-0

[Event "Championnat de la Loire - Top20"]
[Site "Loire"]
[Date "2008.10.11"]
[Round "1.7"]
[White "Pareux, Marc"]
[Black "Guevorkian, Spartak"]
[Result "0-1"]
[WhiteElo "1680"]
[BlackElo "1870"]
[PlyCount "48"]

1. d4 Nf6 2. f3 d5 3. e4 dxe4 4. Nc3 exf3 5. Nxf3 e6 6. Bd3 Nc6 7. a3 Bd6 8.
O-O Ng4 9. Ne4 Nxd4 10. Nxd6+ Qxd6 11. g3 Nxf3+ 12. Rxf3 Qd4+ 13. Kg2 Bd7 14.
Qe2 Ne5 15. Be3 Qd5 16. Kf2 Nxf3 17. Qxf3 Qxf3+ 18. Kxf3 Bc6+ 19. Kf2 f6 20.
Re1 e5 21. b3 b6 22. c4 Rd8 23. Ke2 Ke7 24. c5 Bf3+ 0-1

[Event "Championnat de la Loire - Top20"]
[Site "Loire"]
[Date "2008.10.11"]
[Round "1.8"]
[White "Muller, Anthony"]
[Black "Vier, Serge"]
[Result "1-0"]
[WhiteElo "1850"]
[BlackElo "1640"]
[PlyCount "70"]

1. e4 e6 2. d4 d5 3. Nc3 dxe4 4. Nxe4 Bd7 5. Nf3 Bc6 6. Bd3 Nd7 7. O-O Ngf6 8.
Bg5 Be7 9. Nxf6+ Nxf6 10. c3 O-O 11. Ne5 Bd7 12. Qc2 h6 13. Bh4 Rc8 14. f4 Nd5
15. Bxe7 Qxe7 16. Qe2 Nf6 17. f5 exf5 18. Nxd7 Qxd7 19. Bxf5 Rce8 20. Qf3 Qb5
21. Bc2 Qe2 22. Qxe2 Rxe2 23. Rf2 Rfe8 $11 24. Raf1 Rxf2 25. Kxf2 Ng4+ 26. Kg3
Ne3 27. Re1 Nf5+ 28. Kf2 Rxe1 29. Kxe1 Nd6 30. Bd3 b6 31. b4 Kf8 32. c4 Ke7 33.
Ke2 Ke6 34. g4 f5 35. c5 Nc8 1-0

[Event "Championnat de la Loire - Top20"]
[Site "Loire"]
[Date "2008.10.11"]
[Round "1.9"]
[White "Maestracci, Olivier"]
[Black "Carrot, Patrick"]
[Result "0-1"]
[WhiteElo "1620"]
[BlackElo "1841"]
[PlyCount "72"]

1. e4 c5 2. Nf3 Nc6 3. d4 cxd4 4. Nxd4 e6 5. Be2 Nf6 6. Nc3 h6 7. O-O Bb4 8.
Ndb5 O-O 9. a3 Be7 10. Bg4 e5 11. Be3 d6 12. a4 Be6 13. f4 exf4 14. Bxf4 Ne5
15. Be3 a6 16. Nd4 Rc8 17. Nf5 Nc4 18. Nxe7+ Qxe7 19. Qc1 d5 20. Bd4 Nxe4 21.
Nxe4 dxe4 22. b3 Nd6 23. b4 Qc7 24. c3 b6 25. Be2 Bc4 26. Bxc4 Qxc4 27. Qf4 Qe6
28. Rad1 Ra8 29. Bc5 g5 30. Qf6 Rfe8 31. Bxd6 Qxf6 32. Rxf6 Kg7 33. Rdf1 e3 34.
Rxf7+ Kg8 35. Bg3 e2 36. R7f5 exf1=Q+ 0-1

[Event "Championnat de la Loire - Top20"]
[Site "Loire"]
[Date "2008.10.11"]
[Round "1.10"]
[White "Aumont-Mathieu, Georges"]
[Black "Mialon, Franck"]
[Result "1-0"]
[WhiteElo "1830"]
[BlackElo "1430"]
[PlyCount "37"]

1. e4 c5 2. Nf3 Nc6 3. d4 cxd4 4. Nxd4 Nf6 5. Nc3 g6 6. Bd3 Bg7 7. Be3 d6 8. h3
O-O 9. O-O Bd7 10. f4 Bh6 11. Qd2 Qc8 12. Bc4 Nxd4 13. Qxd4 Bxh3 14. f5 Bxe3+
15. Qxe3 Bxg2 16. Kxg2 Ng4 17. Qg5 h6 18. fxg6 Ne3+ 19. Qxe3 {abandon} 1-0

[Event "Championnat de la Loire - Top20"]
[Site "Loire"]
[Date "2008.11.15"]
[Round "2.1"]
[White "Cizeron, Frederic"]
[Black "Muller, Anthony"]
[Result "1-0"]
[WhiteElo "2099"]
[BlackElo "1850"]
[PlyCount "108"]
[EventDate "2008.??.??"]

1. d4 d5 2. Nf3 Bf5 3. c4 c6 4. cxd5 cxd5 5. Qb3 Qc7 6. Nc3 e6 7. Bf4 Qb6 8.
Qxb6 axb6 9. Nb5 Na6 10. Rc1 f6 11. e3 Kd8 12. a3 Rc8 13. Rxc8+ Kxc8 14. Be2
Kd7 15. Kd2 Ne7 16. Nd6 Nc7 17. Rc1 Ng6 18. Nb5 Ne8 19. Bc7 Ne7 20. Bxb6 Nc6
21. Nh4 Bg6 22. Nxg6 hxg6 23. h3 Bd6 24. Na7 Nxa7 25. Bxa7 Nc7 26. Bc5 Rb8 27.
b4 b6 28. Bxd6 Kxd6 29. Rc3 Rb7 30. Kc2 Na8 31. a4 Ra7 32. Kb3 Rc7 33. Bd3 g5
34. b5 Rxc3+ 35. Kxc3 e5 36. Kb4 exd4 37. exd4 Nc7 38. Bf5 Ne8 39. a5 bxa5+ 40.
Kxa5 Kc7 41. Be6 Nd6 42. Ka6 Kb8 43. Kb6 Ne4 44. Bxd5 Nxf2 45. Kc6 g4 46. hxg4
Nxg4 47. Bf3 Nh6 48. d5 Nf7 49. d6 g5 50. Kd7 Ne5+ 51. Ke6 Kc8 52. Kxf6 Nd7+
53. Ke7 Ne5 54. d7+ Nxd7 1-0

[Event "Championnat de la Loire - Top20"]
[Site "Loire"]
[Date "2008.11.15"]
[Round "2.2"]
[White "Guevorkian, Spartak"]
[Black "Morice, Ludovic"]
[Result "0-1"]
[WhiteElo "1870"]
[BlackElo "2060"]
[PlyCount "104"]
[EventDate "2008.??.??"]

1. d4 d5 2. Nf3 e6 3. Bf4 Bd6 4. Bxd6 Qxd6 5. c3 Nd7 6. e3 b6 7. Nbd2 Bb7 8.
Qc2 Ngf6 9. Bb5 O-O 10. Bxd7 Nxd7 11. O-O f5 12. a4 c5 13. Rfc1 Rac8 14. Qd1
Rf6 15. a5 b5 16. Nb3 c4 17. Nbd2 Rh6 18. g3 Rf8 19. h4 Qc7 20. Nf1 Rhf6 21.
N1h2 g6 22. Rc2 Kg7 23. Rd2 h6 24. Ne1 g5 25. hxg5 hxg5 26. f4 g4 27. Ng2 Rh6
28. Nh4 Nf6 29. Nf1 Ne4 30. Rh2 Rfh8 31. Kg2 Qe7 32. Qe1 Nxg3 33. Qxg3 Rxh4 34.
Rxh4 Rxh4 35. Nd2 Rh3 36. Qf2 b4 37. Rh1 Rxh1 38. Kxh1 bxc3 39. bxc3 Qa3 40.
Qh4 Qc1+ 41. Kg2 Qxd2+ 42. Kf1 Qd1+ 43. Kf2 Qf3+ 44. Ke1 Qxe3+ 45. Kd1 Qd3+ 46.
Kc1 Qxc3+ 47. Kb1 Qb4+ 48. Kc1 c3 49. Qg5+ Kf7 50. Qh5+ Ke7 51. Qg5+ Kd7 52.
Qg7+ Kc6 0-1

[Event "Championnat de la Loire - Top20"]
[Site "Loire"]
[Date "2008.11.15"]
[Round "2.3"]
[White "Cursoux, Gerard"]
[Black "Aumont-Mathieu, Georges"]
[Result "1-0"]
[WhiteElo "2050"]
[BlackElo "1830"]
[PlyCount "105"]
[EventDate "2008.??.??"]

1. Nf3 Nc6 2. c4 e5 3. Nc3 Nf6 4. e4 Bc5 5. h3 a5 6. d3 h6 7. Be2 d6 8. O-O Bd7
9. Be3 Qe7 10. a3 O-O 11. Qd2 Kh7 12. Ne1 Nd4 13. Bd1 c6 14. Rb1 Ne6 15. b4
axb4 16. axb4 Bd4 17. Nc2 g5 18. Ne2 Ra2 19. Nc1 Ra7 20. Nb3 c5 21. bxc5 dxc5
22. Qe1 Nf4 23. Bxf4 gxf4 24. Nbxd4 cxd4 25. Qb4 Qxb4 26. Nxb4 Rg8 27. Kh2 Ra3
28. g3 fxg3+ 29. fxg3 Kg6 30. Rb2 Be6 31. Be2 Nd7 32. Nc2 Rc3 33. Ne1 Nc5 34.
Nf3 f6 35. Nh4+ Kg7 36. Rf3 Rc8 37. g4 Rb3 38. Rxb3 Nxb3 39. Rg3 b5 40. cxb5
Rb8 41. Nf5+ Kh7 42. Nd6 Rb6 43. Ne8 Bd7 44. Nc7 Bxb5 45. Nd5 Ra6 46. Nc7 Rb6
47. Rg1 Rb7 48. Nd5 Kg6 49. Rf1 Rf7 50. Rb1 Ba4 51. Nb6 Nc5 52. Rc1 Ne6 53.
Nxa4 1-0

[Event "Championnat de la Loire - Top20"]
[Site "Loire"]
[Date "2008.11.15"]
[Round "2.4"]
[White "Carrot, Patrick"]
[Black "Poncet, Alain"]
[Result "0-1"]
[WhiteElo "1841"]
[BlackElo "1909"]
[PlyCount "96"]
[EventDate "2008.??.??"]

1. e4 e5 2. Nf3 Nc6 3. Bb5 a6 4. Ba4 Nf6 5. O-O Be7 6. Re1 b5 7. Bb3 O-O 8. a4
Bb7 9. d3 h6 10. Nbd2 Re8 11. Nf1 Bf8 12. Bd2 d5 13. axb5 axb5 14. Rxa8 Bxa8
15. Qa1 dxe4 16. dxe4 Nd4 17. Nxd4 Qxd4 18. c3 Qd7 19. f3 Bc5+ 20. Be3 Bxe3+
21. Nxe3 Qd2 22. Nf1 Qf4 23. Qa7 Nh7 24. Qxc7 Qf6 25. Rd1 Nf8 26. Ne3 Ne6 27.
Qb6 Qg5 28. Bxe6 fxe6 29. Nf1 Kh7 30. Qxb5 Rf8 31. Qe2 h5 32. Qf2 Bxe4 33. Qg3
Qxg3 34. Nxg3 Bd5 35. Nxh5 e4 36. fxe4 Bxe4 37. Ng3 Bd5 38. Nf1 Bb3 39. Rd4 Rc8
$11 40. Kf2 Kg6 41. Nd2 Bc2 42. Ke3 Kf5 43. g4+ Kf6 44. Kf4 e5+ 45. Ke3 exd4+
46. Kxd4 Rd8+ 47. Ke3 Rd3+ 48. Ke2 Rh3 0-1

[Event "Championnat de la Loire - Top20"]
[Site "Loire"]
[Date "2008.11.15"]
[Round "2.5"]
[White "Garon, Pierre"]
[Black "Deville, Olivier"]
[Result "1/2-1/2"]
[WhiteElo "1927"]
[BlackElo "2012"]
[PlyCount "66"]
[EventDate "2008.??.??"]

1. d4 d5 2. Bf4 Nf6 3. e3 c5 4. Nf3 Qb6 5. b3 Nc6 6. c3 Bf5 7. Nbd2 e6 8. Be2
Be7 9. O-O O-O 10. Ne5 cxd4 11. Nxc6 bxc6 12. g4 dxc3 13. gxf5 cxd2 14. fxe6
fxe6 15. Qxd2 c5 16. Bd3 Bd6 17. Bg5 Ng4 18. Kg2 h6 19. Bh4 Nxh2 20. Rh1 Qb4
21. Qxb4 cxb4 22. Rxh2 Bxh2 23. Kxh2 Rac8 24. Kg2 g5 25. Bg3 Rc3 26. Rd1 Rfc8
27. Be5 Rc1 28. Rd2 Re1 29. Bb2 Kf7 $11 30. Kh2 Rc7 31. Kg2 Rc8 32. Bh7 Rc7 33.
Bd3 Rc8 1/2-1/2

[Event "Championnat de la Loire - Top20"]
[Site "Loire"]
[Date "2008.11.15"]
[Round "2.6"]
[White "Walter, Alain"]
[Black "Furnon, Yannick"]
[Result "0-1"]
[WhiteElo "1760"]
[BlackElo "1740"]
[PlyCount "108"]
[EventDate "2008.??.??"]

1. e4 c6 2. d4 d5 3. Nc3 dxe4 4. Nxe4 Nd7 5. c4 Ngf6 6. Nc3 Nb6 7. h3 Bf5 8.
Nf3 e6 9. Bd3 Bxd3 10. Qxd3 Be7 11. O-O O-O 12. Bf4 c5 13. Nb5 a6 14. Bc7 Qc8
15. Bxb6 axb5 16. cxb5 cxd4 17. Qxd4 Nd5 18. Rfc1 Qd7 19. Rc7 Qxb5 20. Rxb7 Bf6
21. Qc5 Qxb2 22. Rc1 Qxa2 23. Qc6 Nxb6 24. Qxb6 Qd5 25. Rb1 h6 26. Qc7 Ra1 27.
Rb8 Rxb1+ 28. Rxb1 Qd8 29. Qc2 Qc8 30. Qe2 Qc7 31. Qe4 Rd8 32. g3 Qd6 33. Rb7
Qd5 34. Qxd5 Rxd5 35. Kf1 g6 36. Ke2 Kg7 37. Rb4 Ra5 38. Nd4 Ra2+ 39. Kf3 Ra3+
40. Ke2 Ra2+ 41. Kf3 Bxd4 42. Rxd4 f5 43. Rd3 Kf6 44. h4 g5 45. hxg5+ hxg5 46.
Rb3 Ra6 47. Ke3 e5 48. f3 f4+ 49. gxf4 gxf4+ 50. Kd3 Ra2 51. Ke4 Re2+ 52. Kd5
Re3 53. Rb8 Rd3+ 54. Ke4 Rd4# 0-1

[Event "Championnat de la Loire - Top20"]
[Site "Loire"]
[Date "2008.11.15"]
[Round "2.7"]
[White "Vier, Serge"]
[Black "Massard, Christian"]
[Result "1/2-1/2"]
[WhiteElo "1640"]
[BlackElo "1810"]
[PlyCount "43"]
[EventDate "2008.??.??"]

1. d4 Nf6 2. c4 g6 3. Nc3 Bg7 4. e4 d6 5. f3 b6 6. Be3 Bb7 7. Qd2 Nbd7 8. O-O-O
e5 9. d5 a5 10. Bd3 a4 11. a3 Nc5 12. Kb1 Nb3 13. Qc2 Nd7 14. Nxa4 Rxa4 15.
Qxb3 Ra7 16. Ne2 O-O 17. Nc3 Nc5 18. Qc2 Bc8 19. Qd2 Nb3 20. Qc2 $11 Nc5 21.
Qd2 Nb3 22. Qc2 1/2-1/2

[Event "Championnat de la Loire - Top20"]
[Site "Loire"]
[Date "2008.11.15"]
[Round "2.8"]
[White "Bruel, Bruno"]
[Black "Pareux, Marc"]
[Result "1-0"]
[WhiteElo "1780"]
[BlackElo "1680"]
[PlyCount "71"]
[EventDate "2008.??.??"]

1. d4 g6 2. c4 Bg7 3. Nc3 d6 4. e4 Nc6 5. d5 Nd4 6. Be3 c5 7. dxc6 Nxc6 8. Nf3
Nf6 9. Be2 O-O 10. Nd4 Nd7 11. O-O Nc5 12. f4 e6 13. Ndb5 a6 14. Nxd6 Nd4 15.
Bxd4 Qxd6 16. Bxg7 Qxd1 17. Rfxd1 Kxg7 18. Rd2 a5 19. Rad1 b6 20. Bf3 Bb7 21.
Rd6 f5 22. e5 Be4 23. Rxb6 Rad8 24. Rbd6 Rb8 25. b3 Kf7 26. R6d4 Ke7 27. Bxe4
fxe4 28. Nxe4 Nxe4 29. Rxe4 a4 30. Red4 axb3 31. axb3 Rfc8 32. Rd7+ Kf8 33.
Rxh7 Kg8 34. Rdd7 Rxb3 35. Rdg7+ Kf8 36. Rc7 1-0

[Event "Championnat de la Loire - Top20"]
[Site "Loire"]
[Date "2008.11.15"]
[Round "2.9"]
[White "Mialon, Franck"]
[Black "Minchilli, Franco"]
[Result "0-1"]
[WhiteElo "1430"]
[BlackElo "1770"]
[PlyCount "40"]
[EventDate "2008.??.??"]

1. e4 e5 2. Nf3 Nc6 3. Bb5 d6 4. h3 Nf6 5. d3 Bd7 6. Bg5 Be7 7. Nc3 a6 8. Bxc6
Bxc6 9. Qd2 O-O 10. O-O-O b5 11. h4 Ng4 12. Rh3 f6 13. Be3 d5 14. Qe2 d4 15.
Ng5 fxg5 16. hxg5 dxe3 17. Rdh1 exf2 18. Nd1 Bxg5+ 19. Kb1 Bd7 20. Rxh7 Bh6 0-1

[Event "Championnat de la Loire - Top20"]
[Site "Loire"]
[Date "2008.11.15"]
[Round "2.10"]
[White "Carrot, Axel"]
[Black "Maestracci, Olivier"]
[Result "1-0"]
[WhiteElo "1680"]
[BlackElo "1620"]
[PlyCount "55"]
[EventDate "2008.??.??"]

1. d4 Nf6 2. Nc3 e6 3. Bf4 b6 4. Nf3 Bb7 5. e3 Be7 6. Bd3 d6 7. O-O Nbd7 8. Qe2
Nh5 9. Bg3 Nxg3 10. fxg3 d5 11. Rf2 Nf6 12. Ne5 O-O 13. Raf1 c5 14. b3 a6 15.
Nb1 b5 16. c4 Qc7 17. Bc2 Bd6 18. Rxf6 Bxe5 19. dxe5 gxf6 20. Qg4+ Kh8 21. Bxh7
Qxe5 22. Qh4 Qxe3+ 23. Kh1 Qg5 24. Qh3 Kg7 25. Rf4 f5 26. Nd2 Kf6 27. Nf3 Qxf4
28. gxf4 1-0

[Event "Championnat de la Loire - Top20"]
[Site "Loire"]
[Date "2008.12.20"]
[Round "3.1"]
[White "Poncet, Alain"]
[Black "Cizeron, Frederic"]
[Result "0-1"]
[WhiteElo "1909"]
[BlackElo "2099"]
[PlyCount "116"]
[EventDate "2008.??.??"]

1. d4 d5 2. Nf3 Nf6 3. c4 c6 4. cxd5 cxd5 5. Nc3 Nc6 6. e3 Bf5 7. Bd3 Bxd3 8.
Qxd3 e6 9. O-O Bd6 10. e4 dxe4 11. Nxe4 Nxe4 12. Qxe4 Be7 13. Bd2 Qd6 14. Bc3
O-O 15. Rad1 Rfd8 16. Rd2 Qd5 17. Qxd5 Rxd5 18. Rfd1 Rad8 19. Kf1 Bf6 20. Ke2
Kf8 21. Ke1 $11 Ke7 22. Ke2 h5 23. h4 g6 24. g3 Bg7 25. Ke1 Bh6 26. Re2 f6 27.
Kf1 Kf7 28. Rde1 Re8 29. Kg2 g5 30. hxg5 fxg5 31. Ne5+ Nxe5 32. Rxe5 Bg7 33.
Rxd5 exd5 34. Rxe8 Kxe8 35. f3 g4 36. a4 Kd7 37. Kf2 a6 38. b3 Kc6 39. Ke2 b5
40. Kf2 Bf8 41. Bd2 Ba3 42. Bf4 Bb2 43. Be5 bxa4 44. bxa4 Kb6 45. f4 Ka5 46.
Ke3 Kxa4 47. Bd6 Kb3 48. f5 Bc1+ 49. Kd3 Bg5 50. Be5 a5 51. f6 a4 52. f7 Be7
53. Bc7 a3 54. Ba5 Kb2 55. Bc3+ Kb1 56. Ba1 a2 57. Kc3 h4 58. gxh4 g3 0-1

[Event "Championnat de la Loire - Top20"]
[Site "Loire"]
[Date "2008.12.20"]
[Round "3.2"]
[White "Morice, Ludovic"]
[Black "Cursoux, Gerard"]
[Result "1-0"]
[WhiteElo "2060"]
[BlackElo "2050"]
[PlyCount "173"]
[EventDate "2008.??.??"]

1. c4 e5 2. g3 Nc6 3. Bg2 d6 4. Nc3 Be6 5. d3 Qd7 6. e3 Nf6 7. Rb1 Be7 8. b4 d5
9. b5 Na5 10. Qa4 b6 11. Nge2 O-O 12. O-O Rad8 13. cxd5 Nxd5 14. Rd1 c5 15.
bxc6 Qxc6 16. Qxc6 Nxc6 17. a3 Na5 18. Nxd5 Bxd5 19. Bxd5 Rxd5 20. e4 Rd7 21.
Nc3 Rc8 22. Nd5 Bf8 23. Bb2 f6 24. Rbc1 Rxc1 25. Rxc1 Bc5 26. Kg2 Kf7 27. f4
Nb3 28. Rf1 Bd4 29. Bxd4 exd4 30. Kf2 Nc5 31. Rd1 f5 32. Kf3 Ke6 33. Nb4 a5 34.
Nc6 Nb3 35. Ne5 Rc7 36. exf5+ Kxf5 37. g4+ Kf6 38. h4 h6 39. h5 b5 40. Ke4 a4
41. Kd5 Ke7 42. Ng6+ Kd7 43. Ne5+ Ke7 44. Re1 Rc5+ 45. Ke4 Rc2 46. Kf5 Kd6 47.
Kg6 b4 48. Nc4+ Rxc4 49. dxc4 bxa3 50. Kxg7 d3 51. f5 d2 52. Rd1 a2 53. f6 a1=Q
54. Rxa1 Nxa1 55. f7 d1=Q 56. f8=Q+ Kc7 57. Qf4+ Kb7 58. Kxh6 Nb3 59. g5 a3 60.
g6 a2 61. g7 a1=Q 62. g8=Q Qa6+ 63. Qg6 Qda1 64. Qf3+ Kc7 65. Qxb3 Qh8+ 66. Kg5
Qd8+ 67. Kg4 Qd4+ 68. Kh3 Qxg6 69. hxg6 Qh8+ 70. Kg2 Qg7 71. Qg3+ Kc6 72. Qf3+
Kb6 73. Qe4 Qb2+ 74. Kg3 Qc3+ 75. Kg4 Qd2 76. Kf5 Qf2+ 77. Ke6 Qg3 78. Qd4+ Kb7
79. g7 Qg6+ 80. Ke7 Qg5+ 81. Qf6 Qg3 82. Qd6 Qg5+ 83. Kf8 Qf5+ 84. Ke8 Qc8+ 85.
Ke7 Qxc4 86. Qd7+ Kb8 87. Qd8+ 1-0

[Event "Championnat de la Loire - Top20"]
[Site "Loire"]
[Date "2008.12.20"]
[Round "3.4"]
[White "Deville, Olivier"]
[Black "Bruel, Bruno"]
[Result "1-0"]
[WhiteElo "2012"]
[BlackElo "1780"]
[PlyCount "57"]
[EventDate "2008.??.??"]

1. d4 d5 2. Nf3 Nf6 3. c4 c6 4. e3 e6 5. Qc2 Nbd7 6. Bd3 dxc4 7. Bxc4 b5 8. Bd3
Bb7 9. O-O a6 10. Qe2 c5 11. b3 Qc7 12. Bb2 Nd5 13. Nbd2 N7f6 14. Rac1 Qb6 15.
Ne5 Be7 16. Ng4 Rc8 17. Rfd1 Qa7 18. dxc5 Rxc5 19. Bd4 h5 20. Ne5 Qb8 21. Bxc5
Qxe5 22. Bxe7 Kxe7 23. Nf3 Qd6 24. Qb2 Qb6 25. Qd4 Qxd4 26. Nxd4 Kd6 27. Nf3 e5
28. Bf5 e4 29. Ng5 1-0

[Event "Championnat de la Loire - Top20"]
[Site "Loire"]
[Date "2008.12.20"]
[Round "3.5"]
[White "Aumont-Mathieu, Georges"]
[Black "Garon, Pierre"]
[Result "0-1"]
[WhiteElo "1830"]
[BlackElo "1927"]
[PlyCount "92"]
[EventDate "2008.??.??"]

1. e4 Nf6 2. Nc3 d5 3. exd5 Nxd5 4. Bc4 Nb6 5. Bb3 c5 6. d3 Nc6 7. Nf3 Bf5 8.
g4 Bg6 9. Bf4 Qd7 10. Nh4 Nd4 11. Ne4 e6 12. c3 Nc6 13. Qe2 O-O-O 14. O-O-O Be7
15. Nf3 Rhe8 16. Rhe1 Na5 17. h4 h5 18. Ne5 Nxb3+ 19. axb3 Qb5 20. Nxg6 fxg6
21. gxh5 gxh5 22. Qxh5 Nd5 23. Bg3 Qxb3 24. Qe5 Qb6 25. Qxg7 a5 26. Qe5 a4 27.
d4 c4 28. Nd2 a3 29. Qxe6+ Qxe6 30. Rxe6 axb2+ 31. Kc2 Kd7 32. Re5 Kc6 33. Nxc4
b5 34. Nxb2 Rf8 35. Nd3 Ra8 36. Rb1 Ra3 37. Rxd5 Kxd5 38. Rxb5+ Kc4 39. Rc5+
Bxc5 40. Nxc5 Ra2+ 41. Kb1 Rfa8 42. Kc1 Re8 43. Kd1 Kxc3 44. Be5 Rg8 45. Ne4+
Kd3 46. Ng5 Ra1# 0-1

[Event "Championnat de la Loire - Top20"]
[Site "Loire"]
[Date "2008.12.20"]
[Round "3.6"]
[White "Muller, Anthony"]
[Black "Carrot, Axel"]
[Result "1-0"]
[WhiteElo "1850"]
[BlackElo "1680"]
[PlyCount "133"]
[EventDate "2008.??.??"]

1. e4 e5 2. Nf3 Nc6 3. Bc4 Bc5 4. Nc3 d6 5. h3 Nf6 6. d3 h6 7. O-O O-O 8. Be3
Bb6 9. Na4 Bxe3 10. fxe3 Be6 11. Bb3 Bxb3 12. axb3 Qd7 13. Nh4 Nh7 14. Nc3 Ne7
15. Qf3 a6 16. Ne2 Ng6 17. Nf5 Ne7 18. Neg3 Nxf5 19. Nxf5 f6 20. Qg4 Kh8 21.
Nxh6 Qxg4 22. Nxg4 Ng5 23. Rf5 Kg8 24. Nh2 Kf7 25. h4 Ne6 26. Raf1 a5 27. g4
Ke7 28. Kg2 a4 29. bxa4 Rxa4 30. R5f2 Ra2 31. b3 b6 32. Nf3 c5 33. Ng1 b5 34.
Nh3 Rf7 35. Ng5 Nxg5 36. hxg5 Rf8 37. Kg3 Ke6 38. gxf6 Rxf6 39. Rxf6+ gxf6 40.
Rf2 Ra7 41. Rh2 Ra2 42. Kf3 b4 43. Rd2 Ke7 44. d4 Ke6 45. Ke2 Ra1 46. dxc5 dxc5
47. Rd5 Ra5 48. Kd3 Kf7 49. Kc4 Ra2 50. Rxc5 Rxc2+ 51. Kxb4 Rg2 52. Ka5 Rxg4
53. Rc4 Rg3 54. Rc3 Ke6 55. b4 Kd7 56. Kb6 Rg8 57. Kb7 Rg2 58. b5 Rb2 59. b6
Rb4 60. Ka6 Rb2 61. Rc4 Rb3 62. b7 Rb2 63. Rc5 Rb4 64. Rb5 Rxb5 65. Kxb5 Kc7
66. Ka6 Kb8 67. Kb6 1-0